00201nam a22000857a 4500020001800000100001900018245003900037260003100076300000800107 a9781338087864 aEdizoni Piemme aThea Stilton and the Frozen Fiasco aNew YorkbScholasticc2015 a162